000 01318nam a2200253 c 4500
001 000030477
003 RuMoIPM
005 20260505115814.0
008 230210s1973 ru ||||||| |||| ||rus d
035 _a(RuMoBEN) 001971211
035 _a(ELAR retro) [2022] 000042846
040 _aRuMoBEN
_brus
_ercr
041 0 _arus
044 _aru
080 _a51:007(063)
245 1 0 _aПрикладная математика и кибернетика
_bИзбр. труды Всесоюз. межвузовского симпозиума по прикладной математике и кибернетике. Горький, 29 мая-3 июня 1967 г.
_c[Отв. ред. Ю. И. Неймарк]
260 _aМосква
_bНаука
_c1973
300 _a400 с.
_bил.
700 1 _aНеймарк, Юрий Исаакович
_eред.
710 2 _aАкадемия наук СССР
_bНаучный совет по комплексной проблеме «Кибернетика»
710 2 _aГорьковский государственный университет им. Н. И. Лобачевского
711 2 _aВсесоюзный межвузовский симпозиум по прикладной математике и кибернетике
_cГорький, 1967
942 _cPC
999 _c30477
_d30477